Carol service order of service (Record no. 121484)

MARC details
000 -LEADER
fixed length control field 00631nam a22001577a 4500
008 - FIXED-LENGTH DATA ELEMENTS--GENERAL INFORMATION
fixed length control field 230510s2019 xxk|||||o|||| 00| 0 eng d
041 ## - LANGUAGE CODE
Language code of text/sound track or separate title eng
110 ## - MAIN ENTRY--CORPORATE NAME
Corporate author Royal Institution of Chartered Surveyors
245 ## - TITLE STATEMENT
Title Carol service order of service
260 ## - PUBLICATION INFORMATION
Place of publication London,
Publisher Royal Institution of Chartered Surveyors & Institution of Civil Engineers,
Date 9 December 2019
300 ## - PHYSICAL DESCRIPTION
Physical description 16p.
520 ## - ABSTRACT
Abstract Order of service for the RICS & ICE join carol service held at St Margaret's Church, Westminster Abbey on Monday 9th of December 2019.
651 ## - SUBJECT ADDED ENTRY--GEOGRAPHIC NAME
Geographic name United Kingdom
710 ## - ADDED CORPORATE NAME
Added corporate author Royal Institution of Chartered Surveyors
942 ## - ADDED ENTRY ELEMENTS (KOHA)
Suppress in OPAC Do not suppress in OPAC
Holdings
Lost status Damaged status Not for loan Current library Shelving location Date acquired Total Checkouts Full call number Date last seen Price effective from Koha item type
      London RICS Boxes 10/05/2023   2019/16 10/05/2023 10/05/2023 Book